Регионална библиотека "Любен Каравелов" - Русе

Разорано небе (Запис номер 77378)

MARC детайли
000 -Лидер
Контролно поле с фиксирана дължина 01673nam a2200385 c 4500
003 - Код на организацията, давaща контролен номер
Контролно поле BLK
005 - Дата и час на последна редакция
Контролно поле 20230403142819.0
008 - Елементи от данни с фиксирана дължина
fixed length control field 180408b bul|||||r ||||||| ||bul||
010 ## - Наследен системен номер
LC control number KNG00081833000
020 ## - Международен стандартен номер на книга ISBN
Международен стандартен номер на книга ISBN 978-954-752-113-1
-- издат.: Еър груп 2000
040 ## - Източник на каталожния запис
Идентификатор на билиотеката - собственик на записа BLK
041 ## - Код за език
Код за езика на текст/звукозапис или на отделно заглавие Български
Код за езика КДБФ Български
080 ## - УДК
Текстов определител УДК Военновъздушни сили. Вж и 355.3 ; 359
УДК код - определител по УДК 358.4
УДК определител (497.2)(092)
УДК - код + определител 358.4(497.2)(092)
080 ## - УДК
Текстов определител УДК Експлоатация на въздушния транспорт - Въздушни полети и линии, пътнически и товарен превоз, авиационни произшествия и др.
УДК код - определител по УДК 656.7
УДК определител (497.2)(092)
УДК - код + определител 656.7(497.2)(092)
080 ## - УДК
Текстов определител УДК Биографии
УДК код - определител по УДК 929
УДК определител (497.2)
УДК - код + определител 929(497.2)
100 1# - Редна дума - Автор
Автор Васев, Райчо
Авторска отговорност първи автор
R(LIN) 298304
139 ## - Редно поле
Редна дума Васев, Райчо
Авторски знак Вас - В 23
245 10 - Сведения за заглавието
Заглавие Разорано небе
Редно поле (дума) Райчо Васев; послесл. от Орлин Орлинов.
257 ## - Страна на издаване
Страна на създаване/издаване България
260 ## - Област на издателските данни
-- София
Име на издателя, разпространителя и проч. Еър груп 2000
Година на издаване 2007
300 ## - Физическа характеристика
Страници 150 с.
Илюстрации и др. с ил., портр.
Размери/Мащаб 22 см
380 ## - Жанр
Жанр Обществени науки
500 ## - Общи забележки
Забележка Офс. изд.
650 #4 - Допълнително описание по предмет – тема
Основно описание – тема или топоним Летци, български
9 (RLIN) 272291
650 #4 - Допълнително описание по предмет – тема
Основно описание – тема или топоним Военновъздушни сили - България
9 (RLIN) 253834
651 #4 - Допълнително описание по предмет - топоним
Географско понятие България
9 (RLIN) 241624
653 ## - Ключова дума – ненормативна
Ключова дума военновъздушни сили
653 ## - Ключова дума – ненормативна
Ключова дума летци
700 1# - Други автори (авторска отговорност)
Лично име Орлинов, Орлин
Друга информация Василев, Орлин Орлинов
9 (RLIN) 372003
852 ## - Местоположение
Форматна сигнатура Цб 238653
856 4# - Електронен адрес и достъп
Електронен формат pdf - файл
Път до файла /url/
856 4# - Електронен адрес и достъп
Електронен формат pdf - файл
Път до файла /url/
942 ## - АРТИКУЛИ
Вид на библиотечния материал Книги
Скрит в OPAC Не
944 ## - СЪЗДАВАНЕ И РЕДАКЦИЯ на ЗАПИСА
Създаване/Редакция Създаване
Дата на регистрацията/редакция 26.02.2008
Служител, извършил регистрацията/редакцията Наталия_Медовщикова
944 ## - СЪЗДАВАНЕ И РЕДАКЦИЯ на ЗАПИСА
Създаване/Редакция Редакция
Дата на регистрацията/редакция 13.01.2009
Служител, извършил регистрацията/редакцията
999 ## - СИСТЕМНИ КОНТРОЛНИ НОМЕРА
Koha biblionumber 77378
Koha biblioitemnumber 77378
Наличности
Код за отписване Код за изгубен артикул Код за повреда Коз за рестрикции Код за отдаване Артикулен № Име на библиотеката - собственик Име на библиотеката, в която се намира в момента Статус (Текущо местоположение) Дата на вписване в системата Местоположение - отдел Цена в лева Инвентарен номер Систематично азбучна сигнатура Баркод Номер на екземпляра Цена в евро Служебна бележка Служебен тип на артикула
  Не е изгубен Не е повреден без рестрикции ползва се в читалня 125374 Регионална библиотека "Любен Каравелов" Русе Регионална библиотека "Любен Каравелов" Русе Хранилище 2008-02-27 Хранилище 5.00 120000723895 Цб 238653 120000723895 1 2.56 Дост: Dp Вид: Д N: 50 Дата: 22.11.2007 Книги
Vip Innovations Ltd, Rousse, Bulgaria 2025